000 00612nam a2200169 a 4500
001 000031316
005 20200930062839.0
008 110617s2007 dr abc 000 0 spa d
040 _aDO-SdBNP
_bspa
_cBHPHU
082 _axxxx
_bR696e
100 1 _aRodríguez, Yoni
_957766
245 1 0 _aEstrategia nacional de gestión y manejo del fuego para la República Dominican 2007-2011 /
_cYoni Rodríguez, Gerónimo Abreu.
260 _aSanto Domingo :
_bSecretaría de Estado de Medio Ambiente y Recursos Naturales,
_c2007.
300 _a47 p. :
_bil., map., retr.
700 1 _aAbreu, Gerónimo
_957767
049 _aBNPD
999 _c30808
_d30808